European Countries by 1st and Last 2 Letters Quiz Stats

Quiz Updated May 2, 2014

Challenge
Share
Tweet
Embed
Score 0/20 Timer 02:00
20 Plays Today
First and Last Two Letters Country % Correct
BEUMBelgium
98.4%
FINDFinland
97.1%
GENYGermany
97%
HURYHungary
97%
AUIAAustria
95.8%
LAIALatvia
94%
CRIACroatia
93.5%
ALIAAlbania
90.6%
NEDSNetherlands
88.4%
BUIABulgaria
87.6%
First and Last Two Letters Country % Correct
SWENSweden
86.9%
LIIALithuania
86.1%
UKNEUkraine
85.4%
MOVAMoldova
83.1%
SANOSan Marino
65.5%
SEIASerbia
65.2%
LIINLiechtenstein
63.2%
BONABosnia and Herzegovina
61.1%
MAIAMacedonia
54.2%
MOROMontenegro
51.7%

You're not logged in!

Compare scores with friends on all Sporcle quizzes.
Sign Up with Email
OR
Log In

You Might Also Like...

Show Comments

Extras

Top Quizzes Today


Score Distribution

Your Account Isn't Verified!

In order to create a playlist on Sporcle, you need to verify the email address you used during registration. Go to your Sporcle Settings to finish the process.